00923cam a2200313 a 450000100090000000300050000900500170001400800410003102000290007202000260010102000250012702000220015202400160017403500210019003500240021103500180023504000290025305000210028208200120030310000290031524500380034425000120038226000520039430000250044650000470047150400510051865000190056965000210058810899573Nust20180117090019.0140314s2014 enk b 001 0 eng d a9780745679358 (hardback) a0745679358 (hardback) a9780745679365 (pbk.) a0745679366 (pbk.) a99959400963 a(OCoLC)876346562 a(OCoLC)ocn876346562 a(NNC)10899573 aCDXcCDXdYDXCPdNhCcYBP 4aJC337b.E38 201404a3002231 aEdwards, Michael,d1957-10aCivil society /cMichael Edwards. a3rd ed. aCambridge ;aMalden, MA :bPolity Press,c2014. axi, 185 p. ;c23 cm. a1st ed. published in 2004 by Polity Press. aIncludes bibliographical references and index. 0aCivil society. 0aSocial contract.